00971pam a2200253 a 4500001000500000005001700005020002500022040003000047050002200077082001400099100003600113245004500149260003500194300002400229505000600253520028400259521001800543521001800561650003200579650003200611650002300643650002900666650002200695241020231124154746.0 a0590458973 :c$14.95 aDLCcDLCdDLCdOCoLCdDLC00aPZ7.M992bGl 199400a[Fic]2201 aMyers, Walter Dean,d1937-2014.14aThe Glory Field /cby Walter Dean Myers. aNew York :bScholastic,c1994. a375 pages :c20 cm. aM aFollows a family's two hundred forty-one year history, from the capture of an African boy in the 1750s through the lives of his descendants, as their dreams and circumstances lead them away from and back to the small plot of land in South Carolina that they call the Glory Field. a800 bLexile aM bRaz-Plus 0aAfrican AmericansvFiction. 1aAfrican AmericansvFiction. 1aFamiliesvFiction. 1aDiscriminationvFiction. 1aSlaveryvFiction.